| 000 | 00672cam a2200217 4500 | ||
|---|---|---|---|
| 001 | 1114371 | ||
| 003 | ARRUPE | ||
| 005 | 20140923135711.0 | ||
| 008 | 780302c19661927mau 001 0 eng d | ||
| 035 | _a(OCoLC)ocm03683402 | ||
| 035 | _a(NNC)1114371 | ||
| 040 |
_aSJD _cSJD _dZCU |
||
| 090 |
_aBM177 _b.M6 1966 |
||
| 100 | 1 |
_aMoore, George Foot, _d1851-1931. _911510 |
|
| 245 | 1 | 0 |
_aJudaism in the first centuries of the Christian era : _bthe age of the Tannaim / _cby George Foot Moore. |
| 260 |
_aCambridge : _bHarvard University Press, _c1966-1967, c1927-1930. |
||
| 300 |
_a3 v. ; _c22 cm. |
||
| 650 | 0 |
_aTannaim. _911511 |
|
| 942 |
_2lcc _cMONOGRAPH |
||
| 999 |
_c120914 _d120914 |
||